Příručka pro automechanika

Salvato in:
Dettagli Bibliografici
Autore principale: Gscheidle, Rolf (Autore)
Natura: Libro
Lingua:ceco
Pubblicazione: Praha : Sobotáles, 2002
Edizione:2. upr. vyd.
Tags: Aggiungi Tag
Nessun Tag, puoi essere il primo ad aggiungerne!!

MARC

LEADER 00000nam a22000003a 4500
001 stu96015
005 20150617225812.7
008 051010s2002----xr------------------cze-d
020 |a 80-85920-83-2 
040 |a STU  |b slo 
041 0 |a cze 
044 |a xr 
080 |a 629.004.67 
100 1 |a Gscheidle, Rolf  |4 aut 
245 1 |a Příručka pro automechanika 
250 |a 2. upr. vyd. 
260 |a Praha :  |b Sobotáles,  |c 2002 
300 |a 649 s 
996 |b 284EK85734  |c E*85734  |l EE08  |s P  |a 0  |w stu96015_0001